Chansons de Stray Kids - Mort subite - Statistiques

Statistiques générales
  • Ce quiz a été pris 1 943 fois
  • Le résultat moyen est 18 sur 23
Answers on the Grid
Answers color-coded by a green-red scale on the quiz's grid according to % correct below.
Superhuman
Life Goes On
God's Menu
Back Door
Sorry, I Love You
MIROH
Easy
WOLFGANG
Christmas EveL
Save Me
DOMINO
Side Effects
Glitch Mode
Thunderous
VENOM
THANKS
MANIAC
Can't You See Me?
Charmer
KILLING ME
BANG BANG BANG
CASE 143
MIDDLE OF THE NIGHT
ITEM
Collision
Go Big or Go Home
LALALALA
MEGAVERSE
ROCKY
Chk Chk Boom
Walking On Water
Levanter
Be Mine
Double Knot
The Tortoise and the Hare
 
Statistiques - réponses
Réponse % Correct
God's Menu
94%
Back Door
91%
MIROH
91%
MANIAC
90%
Christmas EveL
89%
DOMINO
89%
LALALALA
88%
Thunderous
88%
CASE 143
87%
VENOM
86%
Chk Chk Boom
85%
MEGAVERSE
83%
Easy
81%
Walking On Water
78%
Side Effects
76%
Charmer
75%
WOLFGANG
75%
Double Knot
72%
Levanter
72%
ITEM
63%
Sorry, I Love You
57%
Collision
54%
The Tortoise and the Hare
50%
Aucun quiz correspondant
Distribution des résultats
% des personnes avec chaque résultat
Percentile par nombre de réponses
Votre historique - résultats
Vous n’avez pas pris ce quiz